Statistics for Troyes Best Scorer By Year

Click here to take the quiz!

General Stats

  • This quiz has been taken 13 times
    (6 since last reset)
  • The average score is 4 of 10

Answer Stats

Player% Correct
Benjamin Nivet
100%
Adama Niane
50%
Ike Ugbo
50%
Mama Samba Baldé
50%
Slađan Đukić
50%
Xavier Chavalerin
50%
David Gigliotti
0%
Fabien Camus
0%
Nicolas Goussé
0%
Sébastien Grax
0%

Score Distribution

Percentile by Number Answered

Percent of People with Each Score

Your Score History

You have not taken this quiz since the last reset